000 00899nam a22002771 4500
001 14629
003 BD-RjUL
005 20211208235649.0
008 140206r19721967njua b 001 0 eng d
035 _a(BD-RjUL)14682
040 _aDLC/ICU
_cICU
_dDLC
_dBD-RjUL
_beng
041 _aeng
082 0 0 _a574
_bBUP 1972
100 1 _aBuffaloe, Neal Dollison,
_d1924-
_937544
245 1 0 _aPrinciples of biology /
_cby Neal D. Buffaloe and J.B. Throneberry.
250 _a2d ed.
260 _aEnglewood Cliffs, N.J. :
_bPrentice-Hall ,
_cc1967 [Reprinted 1972]
300 _axii, 402 p. :
_bill. ;
_c24 cm.
490 1 _aBiological science series
504 _aIncludes bibliographies and Index
650 0 _aBiology.
_945604
700 1 _aThroneberry, J. B.,
_ejoint author.
_945605
830 0 _aPrentice-Hall biological science series.
_9165387
942 _2ddc
_cBK
999 _c14629
_d14629